Statistics for That Can't Be True! #2

Click here to take the quiz!

General Stats

  • This quiz has been taken 1,063 times
    (1,036 since last reset)
  • The average score is 8 of 15

Answer Stats

QuestionAnswer% Correct
Michelangelo has said painting the Sistine Chapel was the happiest time of his life.False
76%
The Empire State Building has its own ZIP code.True
69%
In the Philippines, McDonald’s serves spaghetti.True
64%
You're more likely to get a computer virus from visiting religious sites than porn sites.True
62%
It’s impossible to hum while holding your nose closed.True
61%
Lobsters taste with their feet.True
57%
Pigs can get very sweaty.False
54%
British military tanks are equipped to make tea.True
54%
The world’s largest national park is located in Russia.False
51%
The smallest type of wasp is smaller than the largest type of amoeba.True
47%
Octopuses have four hearts.False
39%
Bleach never expires.False
38%
Adolf Hitler was a contender for the Nobel Peace Prize.False
31%
The Statue of Liberty used to be a lighthouse.True
31%
A group of ravens is called a "murder".False
29%

Score Distribution

Percentile by Number Answered

Percent of People with Each Score

Your Score History

You have not taken this quiz since the last reset